La Colaboración público-privada y la creación de valor público / coordinador: Carles Ramió Carles Ramió
ISBN:
978-84-9803-353-3
Publicado:
Barcelona :
Diputació de Barcelona. Àrea de Presidència. Dirección de Estudios y Prospectiva. Centro para la Innovación Local ,
2009
Descripción Física:
200 p. ; 24 cm
Colección:
Estudios. Gobierno Local ; 14
Otros Autores:
Ramió, Carles, coord
MARC
| LEADER | 00000nam a2200000Ia 4500 | ||
|---|---|---|---|
| 001 | 22233 | ||
| 008 | 160829s2009 xx 000 0 cat d | ||
| 020 | |a 978-84-9803-353-3 | ||
| 080 | |a M-6-301 | ||
| 245 | |a La Colaboración público-privada y la creación de valor público / coordinador: |b Carles Ramió | ||
| 260 | |a Barcelona : |b Diputació de Barcelona. Àrea de Presidència. Dirección de Estudios y Prospectiva. Centro para la Innovación Local, |c 2009 | ||
| 300 | |a 200 p. ; |c 24 cm | ||
| 490 | |a Estudios. Gobierno Local ; 14 | ||
| 590 | |a Bibliografia | ||
| 650 | 0 | |a Serveis municipals |9 42282 | |
| 650 | 0 | |a Municipis |x Govern i administració |9 22275 | |
| 700 | |a Ramió, Carles, coord. |9 45916 | ||
| 710 | 1 | |a Barcelona (Catalunya : Província). |b Direcció d'Estudis i Prospectiva |9 54963 | |
| 901 | |a Arxiu | ||
| 942 | |n 1 | ||
| 952 | |0 0 |1 0 |4 0 |6 M6301 |7 1 |9 52881 |a Arxiu |b Arxiu |d 2016-12-01 |l 0 |o M-6-301 |p 22233 |r 2016-12-01 00:00:00 |w 2016-12-01 |y ARXIU | ||
| 999 | |c 56730 |d 56730 | ||